| 000 | 01592nam2a22003131 4500 | ||
|---|---|---|---|
| 001 | v19\rc\1535910 | ||
| 005 | 20250618180041.0 | ||
| 035 | _a(NLR Aleph) 004654820 | ||
| 090 |
_a3470979 _c3470979 |
||
| 100 | _a20060620d1889 |||y0rusy50 ca | ||
| 101 | 0 |
_arus _agre |
|
| 102 | _aRU | ||
| 105 | _ay z ||||| | ||
| 200 | 1 |
_aРеальный вокабулярий _eУчеб. пособие при переводах с греч. яз. на рус. и обратно В. Тодта |
|
| 205 | _a2-е изд. | ||
| 210 |
_d1889 _aБ. м. |
||
| 215 | _a[4], 72 с. | ||
| 300 | _aВ 1-м изд. 2-я ч. была изд. самостоятельно вне "Сборника ..." | ||
| 461 | 0 |
_1001v19\rc\1535908 _12001#$aСборник общеупотребительных греческих слов$fДля рус. гимназий обраб. В. Канский, преп. Спб. 7 гимназии. Ч. 1-2$vЧ. 2 _1700#1$aКанский$bВ.А.$f1851-$gВасилий Антонович _93470957 _aКанский, В.А. (1851-) _cСанкт-Петербург _d1888-1889 _fДля рус. гимназий обраб. В. Канский, преп. Спб. 7 гимназии. Ч. 1-2 _nтип. А.С. Суворина _p2 т. _tСборник общеупотребительных греческих слов _vЧ. 2 |
|
| 700 | 1 |
_aТодт _bВ. |
|
| 801 | 0 |
_aRU _bNLR _gpsbo |
|
| 801 | 0 |
_aRU _bRuMoRGB _2psbo |
|
| 801 | 1 |
_aRU _bProSoft-M _2rusmarc |
|
| 852 |
_aNLR _j18.320.1.256 |
||
| 899 |
_aRuMoRGB _jA 161/227 |
||
| 899 | _aБАН | ||
| 899 | _aНБ МГУ | ||
| 942 | _cBOOK | ||
| 980 | _aNB | ||